The voice of the masters : writing and authority in modern Latin American literature /

Salvato in:
Dettagli Bibliografici
Autore principale: González Echeverría, Roberto
Natura: Sconosciuto
Lingua:Spanish
Pubblicazione: Austin, Estados Unidos : University of Texas Press, 1985.
Serie:(Serie: Latin American Monographs)
Soggetti:
Tags: Aggiungi Tag
Nessun Tag, puoi essere il primo ad aggiungerne!!

MARC

LEADER 000000000a22000000004500
001 003784
041 0 |a spa 
082 0 4 |a 860.998   |b G643v 
100 1 |a González Echeverría, Roberto 
245 1 4 |a The voice of the masters :   |b writing and authority in modern Latin American literature /   |c Roberto González Echeverría. 
260 1 |a Austin, Estados Unidos :   |b University of Texas Press,   |c 1985. 
300 |a 195 páginas ;   |c 24 cm. 
490 1 |a (Serie: Latin American Monographs) 
500 |a La biblioteca contiene dos ejemplares, uno donado por George Yúdice 
650 4 |a LITERATURA LATINOAMERICANA 
650 4 |a SIGLO XX 
650 4 |a HISTORIA Y CRITICA 
650 4 |a AUTORITARISMO 
650 4 |a AUTORIDAD (LITERATURA) 
999 |c 10191  |d 10191 
942 |c BK  |h 860.998 G643v  |2 z